Score 0/14 Timer 02:00
9 Plays Today
% Correct
bent
98.5%
lent
97.8%
dent
97.5%
sent
96.1%
tent
95.7%
pent
94.7%
went
94.5%
% Correct
vent
87.6%
gent
86.7%
cent
86.6%
meant
85.9%
spent
71.7%
stent
62.9%
scent
47%

You're not logged in!

Compare scores with friends on all Sporcle quizzes.
OR
Log In

Sporcle TV

Today on Sporcle TV


Watch our educational content, quiz creation guides, and fun videos on Sporcle TV.

Show Comments

Extras

Top Quizzes Today


Score Distribution

Your Account Isn't Verified!

In order to create a playlist on Sporcle, you need to verify the email address you used during registration. Go to your Sporcle Settings to finish the process.

Report this User

Report this user for behavior that violates our Community Guidelines.

Details: